| 000 | 00434nam a22001817a 4500 | ||
|---|---|---|---|
| 005 | 20260221130418.0 | ||
| 008 | 260221b |||||||| |||| 00| 0 eng d | ||
| 020 |
_a9789389212501 _c995.00 |
||
| 040 | _aMAIN | ||
| 041 | _aEnglish | ||
| 082 |
_a338 _bSET |
||
| 100 |
_aSeth, Ranjana _926375 |
||
| 245 | _aIndustrial Economics | ||
| 260 |
_aNew Delhi _bAne Books _c2026 |
||
| 300 | _a267 | ||
| 650 |
_aEconomics _979 |
||
| 942 | _cBK | ||
| 999 |
_c60425 _d60425 |
||